Movies Quiz

Random Movies or Actor Quiz

Odd One Out: Actors and Actresses in Movies Quiz Stats

 Plays Quiz Updated Dec 1, 2020

Support Sporcle.
Go Orange.
Score 0/20 Timer 06:00
1 Play Today
Question Answer Wrong Answers
Johnny Depp War of the Worlds
90.9%
Edward Scissorhands
0.6%
Alice in Wonderland
1%
Rango
3.7%
Robin Williams The Da Vinci Code
89%
Aladdin
1.2%
Night at the Museum
2.2%
Happy Feet
3.7%
Mark Wahlberg Spider-Man
88.4%
Ted
1.8%
The Italian Job
3.2%
Boogie Nights
2.5%
Morgan Freeman Apollo 13
88.3%
Driving Miss Daisy
3.8%
The Shawshank Redemption
1%
Se7en
2.9%
Tom Cruise Independence Day
86.6%
Top Gun
0.9%
Mission: Impossible
0.9%
Born on the Fourth of July
7.6%
Brad Pitt Black Hawk Down
86.4%
Fight Club
1.4%
Inglourious Basterds
2.1%
Fury
6.1%
Keanu Reeves Raising Arizona
81.8%
John Wick
7.4%
The Matrix
1%
Point Break
5.6%
Sandra Bullock Spy
75.8%
Speed
4.1%
The Blind Side
3.3%
The Heat
12.8%
Kate Winslet Almost Famous
75.2%
Titanic
1.3%
Revolutionary Road
10.4%
Finding Neverland
9%
Chris Pratt Godzilla (2014)
74.9%
Guardians of the Galaxy
3.5%
Jurassic World
6.3%
The Lego Movie
11.2%
Harrison Ford Jurassic Park
74.3%
Cowboys & Aliens
4.7%
The Empire Strikes Back
1%
Apocalypse Now
16.1%
Amy Adams The Princess Diaries
72.2%
The Fighter
7.6%
The Master
12.4%
American Hustle
3.6%
Charlize Theron Punch-Drunk Love
71.2%
Monster
5%
Mad Max: Fury Road
7%
Prometheus
12.7%
Scarlett Johansson Salt
69.2%
Under the Skin
8.6%
Her
6.4%
Ghost World
11.7%
Emma Stone The Social Network
64.2%
Superbad
14.3%
La La Land
5.7%
Zombieland
11.7%
Meryl Streep Snow White and the Huntsman
62.7%
The Devil Wears Prada
1.1%
The Deer Hunter
12.4%
Manhattan
19.9%
Naomi Watts Iron Man
62.5%
Tank Girl
21.1%
King Kong (2005)
4.8%
Mulholland Dr.
7.3%
Elliot Page Scott Pilgrim vs. the World
54.1%
Juno
3.3%
Inception
14.7%
Whip It
23.7%
Viola Davis Django Unchained
52.6%
The Help
4.7%
Prisoners
26.5%
Fences
11.9%
Matt Damon The Bourne Legacy
52%
The Bourne Identity
3.1%
The Bourne Ultimatum
9.2%
Jason Bourne
31.7%

You're not logged in!

Compare scores with friends on all Sporcle quizzes.
OR
Log In

From the Vault

The Bible, Translated

by christopherjulia

The Bible has been translated into over 600 languages. Don't worry, we're not going to make you name them all.
Remove Ads.
Support Sporcle.
Get the best of Sporcle when you Go Orange. This ad-free experience offers more features, more stats, and more fun while also helping to support Sporcle. Thank you for becoming a member.

Show Comments

Extras

Top Quizzes Today


Score Distribution

Your Account Isn't Verified!

In order to create a playlist on Sporcle, you need to verify the email address you used during registration. Go to your Sporcle Settings to finish the process.

Report this User

Report this user for behavior that violates our Community Guidelines.

Details: